| 000 | 01501cam a2200421 ab4500 | ||
|---|---|---|---|
| 999 |
_c3943 _d3943 |
||
| 001 | 1624172 | ||
| 003 | OSt | ||
| 005 | 20241122135500.0 | ||
| 008 | 190919s2017 nyua b 000 1 eng d | ||
| 010 | _a2016033732 | ||
| 020 |
_a9781481444965 _q(hbk.) : |
||
| 040 |
_aTAE _beng _cTAE _eaacr2 _dKH8 |
||
| 041 | 0 | _aeng | |
| 042 | _anbic | ||
| 082 | 0 | _a372.41 CRO | |
| 100 | 1 |
_aCronin, Doreen. _eAuthor |
|
| 245 | 1 | 0 |
_aClick, clack, moo : _bI love you! / _cDoreen Cronin ; illustrated by Betsy Lewin. |
| 246 | 3 | _aI love you! | |
| 250 | _a1st ed. | ||
| 260 |
_aNew York, New York : _bAtheneum Books For Young Readers, an imprint of Simon & Schuster Children's Publishing Division, _cc2017. |
||
| 300 |
_a[30] p. : _bcol. ill. ; _c27 cm. |
||
| 385 |
_nage _aChildren _2lcdgt. |
||
| 490 | 1 | _aFarmer Brown's Barnyard Tales. | |
| 500 | _a"A Caitlyn Dlouhy Book." | ||
| 520 | _aLittle Duck is working hard making valentines for everyone and decorating for the Valentine's Day dance, but what happens when an unexpected guest arrives? | ||
| 521 | 0 | _a1.8. | |
| 650 | 0 |
_aDance parties _vJuvenile fiction. |
|
| 650 | 0 |
_aDomestic animals _vJuvenile fiction. |
|
| 650 | 0 |
_aDucks _vJuvenile fiction. |
|
| 650 | 0 |
_aFarm life _vJuvenile fiction. |
|
| 650 | 0 |
_aValentine's Day _vJuvenile fiction. |
|
| 655 | 0 | _aFantasy. | |
| 655 | 0 | _aPicture Books for Children. | |
| 655 | 0 | _aValentine's Day. | |
| 700 | 1 |
_aLewin, Betsy. _eIllustrator |
|
| 830 | 0 | _aFarmer Brown's Barnyard Tales. | |
| 942 |
_2ddc _cNFIC |
||